South America Map Quiz in Chinese Pinyin - Statistics

General Stats
  • This quiz has been taken 107 times
  • The average score is 12 of 14
Answers on the Map
Answers color-coded by a green-red scale on the quiz's map according to % correct below.
 
Answer Stats
Answer % Correct
Bō Lì Wéi Yǎ
89%
Ā Gēn Tíng
88%
Bā Xī
88%
È Guā Duō Ěr
88%
Sū Lǐ Nán
85%
Zhì Lì
85%
Wū Lā Guī
84%
Bā Lā Guī
83%
Wěi Nèi Ruì Lā
83%
Gē Lún Bǐ Yǎ
81%
Guī Yǎ Nà
81%
Mì Lǔ
81%
Fú Kè Lán Qún Dǎo (Yīng Guó)
80%
Fà Shǔ Guī Yǎ Nà
75%
No matching quizzes found
Score Distribution
Percent of People with Each Score
Percentile by Number Answered
Your Score History
You have not taken this quiz